1021 1836 1370 1989 1363 1509 1782 1911 1622 1952 1603 1804 1371 1013 1046 1099 1135 1964 1468 1856 1560 1527 1579 1468 1932 1263 1627 1196 1118 1557 1541 1232 1593 1182 1147 1892 1403 1048 1857 1182 1936 1324 1511 1559 1730 1795 1773 1948 1223 1426 1167 1077 1737 1553 1642 1383 1179 1139 1227 1321 1815 1228 1143 1953 1304 1737 1697 1042 1941 1027 1330 1160 1117 1200 1999 1301 1638 1402 1704 1148 1733 1480 1700 1864 1117 1221 1301 1958 1681 1763 1679 1494 1593 1098 1250 1304 1131 1413 1307 BCNSPRNW ULIB Ver.6.0+V

เปลี่ยนเป็นภาษาไทย

Change to English
 แสดงรายละเอียดบรรณานุกรม
  กลับหน้าหลัก

Brief Record : Get Marc (ISO 2709) : E-mail record : QR code < ปิดหน้าต่าง
LEADER : 00000nam 2200000uu 4500
001    13399123720
003     ULIB
008    141119s2557||||th 000 0 tha d
020    ^a9789744227348
060 04 ^aWB115^bก344
245 00 ^aการตรวจวินิจฉัยทันยุคและตัวอย่างผู้ป่วยทางอายุรศาสตร์ =^bUpdate of investions and Case Studies in Medicine.^bบรรณาธิการ; วีระศักดิ์ ศรินนภากร; สุรพันธ์ พงศ์สุธนะ; ภาณุวัฒน์ วงษ์กุหลาบ; ณีรวัลย์ กระแจะจันทร์
246 30 ^a=^bUpdate of investions and Case Studies in Medicine.
250    ^aพิมพ์ครั้งที่ 1.
260    ^aกรุงเทพฯ :^bกลุ่มงานอายุรศาสตร์ โรงพยาบาลราชวิถี คณะแพทยศาสตร์ มหาวิทยาลัยรังสิต,^c2557.
300    ^a367 หน้า :^bภาพประกอบ ;^c26 ซม.
650  4 ^aการรักษาโรค
650  4 ^aการวินิจฉัยโรค
650  4 ^aการประกอบวิชาชีพเวชกรรม
650  4 ^aอายุรศาสตร์^vรวมเรื่อง
650  4 ^aอายุรศาสตร์
653    ^aผลงานอาจารย์คณะแพทยศาสตร์ มหาวิทยาลัยรังสิต
700 0  ^aสุรพันธ์ พงศ์สุธนะ,^eบรรณาธิการ
700 0  ^aภาณุวัฒน์ วงษ์กุหลาบ,^eบรรณาธิการ
700 0  ^aณีรวัลย์ กระแจะจันทร์,^eบรรณาธิการ
710    ^aaมหาวิทยาลัยรังสิต. ^bคณะแพทยศาสตร์. ^cโรงพยาบาลราชวิถี กลุ่มงานอายุรศาสตร์
945    ^p400^l0^i21761
945    ^p400^l0^i21762
945    ^p400^l0^i21763
945    ^p400^l0^i21764
945    ^p400^l0^i21765
999    ^aทศพร เกษรทอง
รายการนี้ยังไม่มีแท็ก
คุณยังไม่ได้ล็อกอิน คุณสามารถมีกิจกรรมร่วมกับเว็บไซต์ได้ แต่ต้องล็อกอินก่อน ::
  ล็อกอิน

รายการสื่อสารสนเทศ

ลำดับที่ ประเภท เลขเรียก/บาร์โค้ด สถานที่ สถานะ
1. วิทยาศาสตร์การแพทย์ และสุขภาพ
วิทยาศาสตร์การแพทย์ และสุขภาพ
สถานะ=หนังสือเก่า
WB115 ก344 ฉ.1 
  Barcode: 21761
ห้องสมุดวิทยาเขตนครสวรรค์
►ส่วนจัดเก็บหนังสือเก่า นว.
บนชั้น
  ขอยืม
2. วิทยาศาสตร์การแพทย์ และสุขภาพ
วิทยาศาสตร์การแพทย์ และสุขภาพ
สถานะ=หนังสือเก่า
WB115 ก344 ฉ.2 
  Barcode: 21762
ห้องสมุดวิทยาเขตนครสวรรค์
►ส่วนจัดเก็บหนังสือเก่า นว.
บนชั้น
  ขอยืม
3. วิทยาศาสตร์การแพทย์ และสุขภาพ
วิทยาศาสตร์การแพทย์ และสุขภาพ
สถานะ=หนังสือเก่า
WB115 ก344 ฉ.3 
  Barcode: 21763
ห้องสมุดวิทยาเขตนครสวรรค์
►ส่วนจัดเก็บหนังสือเก่า นว.
บนชั้น
  ขอยืม
4. วิทยาศาสตร์การแพทย์ และสุขภาพ
วิทยาศาสตร์การแพทย์ และสุขภาพ
สถานะ=หนังสือเก่า
WB115 ก344 ฉ.4 
  Barcode: 21764
ห้องสมุดวิทยาเขตนครสวรรค์
►ส่วนจัดเก็บหนังสือเก่า นว.
บนชั้น
  ขอยืม
5. วิทยาศาสตร์การแพทย์ และสุขภาพ
วิทยาศาสตร์การแพทย์ และสุขภาพ
สถานะ=หนังสือเก่า
WB115 ก344 ฉ.5 
  Barcode: 21765
ห้องสมุดวิทยาเขตนครสวรรค์
►ส่วนจัดเก็บหนังสือเก่า นว.
บนชั้น
  ขอยืม

รายการใกล้เคียง
    หัวเรื่อง [การรักษาโรค]
    หัวเรื่อง [การวินิจฉัยโรค]
    หัวเรื่อง [การประกอบวิชาชีพเวชกรรม]
    หัวเรื่อง [อายุรศาสตร์]

BibComment


ยังไม่เคยถูกคอมเมนท์

คอมเมนท์ทรัพยากรรายการนี้
  คอมเมนท์: การตรวจวินิจฉัยท..


 Copyright 2026. Bcnsprnw @Library